Sort the California Teams Quiz Stats

 Plays Quiz Updated Jan 23, 2020

     
Support Sporcle.
Go Orange.
Score 0/15 Timer 01:00
3 Plays Today
Question Answer Wrong Answers
Los Angeles Lakers NBA
95.4%
MLB
0.6%
NFL
0.4%
NHL
0.3%
Golden State Warriors NBA
94.8%
MLB
0.7%
NFL
0.6%
NHL
0.6%
Los Angeles Rams NFL
94.5%
MLB
0.9%
NBA
0.6%
NHL
0.7%
Los Angeles Dodgers MLB
94.4%
NBA
0.8%
NFL
1.1%
NHL
0.4%
San Francisco 49ers NFL
94.1%
MLB
1.2%
NBA
0.9%
NHL
0.4%
Anaheim Ducks NHL
94.1%
MLB
1.5%
NBA
0.5%
NFL
0.6%
Los Angeles Clippers NBA
93.9%
MLB
1.1%
NFL
0.6%
NHL
0.9%
San Jose Sharks NHL
92.9%
MLB
1.6%
NBA
1%
NFL
1%
San Diego Padres MLB
92.8%
NBA
0.8%
NFL
1.3%
NHL
1.7%
Los Angeles Angels MLB
92.6%
NBA
1.2%
NFL
0.9%
NHL
1.8%
Oakland Athletics MLB
92.4%
NBA
1.2%
NFL
1.5%
NHL
1.5%
Los Angeles Chargers NFL
92.1%
MLB
1.3%
NBA
1.6%
NHL
1.5%
Sacramento Kings NBA
89.1%
MLB
1.3%
NFL
0.7%
NHL
5.5%
San Francisco Giants MLB
88.8%
NBA
0.8%
NFL
6.2%
NHL
0.8%
Los Angeles Kings NHL
83.9%
MLB
1.7%
NBA
10.2%
NFL
0.9%

From the Vault

Highest Grossing Movies (1998)

by manonthemoon

Movies 8m
Ah, 1998. Back when Adam Sandler movies were still funny.
Remove Ads.
Support Sporcle.
Get the best of Sporcle when you Go Orange. This ad-free experience offers more features, more stats, and more fun while also helping to support Sporcle. Thank you for becoming a member.

Show Comments

Extras

Top Quizzes Today


Score Distribution

Your Account Isn't Verified!

In order to create a playlist on Sporcle, you need to verify the email address you used during registration. Go to your Sporcle Settings to finish the process.

Report this User

Report this user for behavior that violates our Community Guidelines.

Details: